Представление документа в формате RUSMARC

ПолеНазваниеЗначение
  Тип записи a
  Библиографический уровень m
001 Контрольный номер UONB/MAIN/e8fd9c14151a486bbb2edc10e98cc2a3
005 Дата корректировки 20250602105210.5
010 Индекс ISBN __
b Уточнения в пер.
9 Тираж 10000 экз.
100 Данные общей обработки __
a Данные общей обработки 20250602d1982 u y0rusy0189## ca
101 Язык документа 0_
a Язык текста rus
102 Страна публикации __
a Страна публикации RU
105 Кодированные данные (монография) __
a Кодированные данные (монография) a z 001yy
200 Заглавие и сведения об ответственности 1_
a Заглавие Искусство Монголии с древнейших времен до начала XX века
f Первые сведения об ответственности Ням-Осорын Цултэм
203 Вид содержания и тип средства __
a Вид содержания Текст
b Характеристика содержания визуальный
c Тип средства непосредственный
210 Выходные данные 1_
a Место издания Москва
c Издательство Изобразит. искусство
d Дата издания 1982
215 Физическое описание __
a Объем 231 с.
c Иллюстрации/тип воспроизводства ил.
d Формат 22 см
320 Библиография __
a Библиография Библиогр.: с. 221-224
606 Тематические рубрики 0_
a Основная рубрика Монгольское изобразительное искусство
610 Ключевые слова 0_
a Ключевые слова изобразительное искусство; искусство Монголии; история изобразительного искусства; художественное творчество
686 Индексы других классификаций __
a Классификационный индекс 85.103(5)
2 Код системы rubbk
700 Автор _1
a Фамилия Цултэм
b Имя (инициалы) Н.-О.
g Полное личное имя Ням-Осорын
790 Имя лица - альтернативная форма _1
a Имя лица - альтернативная форма Цултэм
b Имя (инициалы) Н.
g Полное личное имя Нямосорын
801 Источник записи _0
a Страна RU
b Организация Ульяновская ОНБ
c Дата составления 20250602
g Правила каталогизации RCR
801 Источник записи _1
a Страна RU
b Организация Ульяновская ОНБ
c Дата составления 20250602
g Правила каталогизации RCR
901 Тип документа __
t Тип документа m
909 Создатель записи __
a Создатель записи Макушик
b Дата создания записи 20250602